Score 0/30 Timer 06:00
0 Plays Today
Mixed & Missing Movie Movie Title % Correct
LAL ___ ZAJZAll That Jazz
89%
LUFL ___ TJEAKCFull Metal Jacket
84.7%
HET ___ MALTITUUMThe Bourne Ultimatum
84%
ODOG ___ GINTHUNGood Will Hunting
83.6%
HET ___ LIMEThe Green Mile
82.9%
GUNK ___ NAPADKung Fu Panda
82.7%
IVVA ___ GAVESViva Las Vegas
82.5%
NMOIILL ___ YABBMillion Dollar Baby
79.5%
NIGVAS ___ YARNSaving Private Ryan
77.1%
LOCO ___ KULECool Hand Luke
77%
LAL ___ VEEAll About Eve
70.7%
TDASN ___ EMStand by Me
70.1%
FILE ___ NIBRALife of Brian
65.8%
FILE ___ LBUEFAIUTLife Is Beautiful
62.1%
HET ___ PLEESThe Big Sleep
56.3%
Mixed & Missing Movie Movie Title % Correct
HET ___ LAFNCOThe Maltese Falcon
52.9%
NEDACS ___ EVOWLSDances with Wolves
52.7%
ELCANWER ___ AAIRBALawrence of Arabia
47.5%
GOD ___ NAOFOTNERDog Day Afternoon
47%
NO ___ TWNAOTREFROn the Waterfront
46.1%
WEN ___ YCTINew Jack City
42.9%
SHI ___ YFARDIHis Girl Friday
41.7%
RONHT ___ RONHTSWETNorth by Northwest
40.5%
HET ___ RKWOTENThe Social Network
40%
EBIONN ___ DECLYBonnie and Clyde
39.3%
AL ___ AVITLa Dolce Vita
37%
HET ___ SSTUCSEPThe Usual Suspects
35.8%
HET ___ OREWKRThe Miracle Worker
27.5%
TJNUEDMG ___ GNRUERBEMJudgment at Nuremberg
21.2%
YM ___ YERFDOGMy Man Godfrey
17.8%

You're not logged in!

Compare scores with friends on all Sporcle quizzes.
OR
Log In

Sporcle TV

Today on Sporcle TV


Watch our educational content, quiz creation guides, and fun videos on Sporcle TV.

Show Comments

Extras

Top Quizzes Today


Score Distribution

Paid Content

Your Account Isn't Verified!

In order to create a playlist on Sporcle, you need to verify the email address you used during registration. Go to your Sporcle Settings to finish the process.

Report this User

Report this user for behavior that violates our Community Guidelines.

Details: